000 00640nam a2200241 i 4500
001 C2-0335757
003 PPAK
005 20180728135047.0
008 160217s2009 my |||| ||||| | may d
020 _a9789675067266
040 _aPPAK
_beng
_cPPAK
_erda
082 0 4 _a899.233
_223
090 0 0 _a899.233
_bDAM
_dG
100 0 _aDamia Zahra,
_eauthor
245 1 0 _aSeindah taman raudhah
264 1 _aKuala Lumpur :
_bKaki Novel Enterprise ,
_c2009
300 _a362 pages ;
_c19 cm
336 _2rdacontent
_atext
337 _2rdamedia
_aunmediated
338 _2rdacarrier
_avolume
650 1 0 _aMalay fiction.
942 _ddc
_cB
999 _c133857
_d133857